000 00679nam a2200217Ia 4500
003 GCL
008 140319s9999 xx 000 0 ara d
040 _aGCL /
_cGCL
082 0 4 _a620.1
_bد م
100 1 _aدوجرتى، روبرت. ل
245 1 0 _aميكانيكا الموانع وتطبيقاتها الهندسية /
_cدوجرتى، روبرت. ل
700 1 _aفرانزينى، جوزيف
700 1 _aقداح شاكر قداح
260 _a[S.N] :
_bالدار الدولية للنشر والتوزيع
300 _a638 ص
490 _a
650 0 4 _aالهندسة
650 0 4 _aالتكنولوجيا
650 0 4 _aالعلوم
942 _2ddc
_cBK
999 _c34337
_d34337